000 00674nam a2200277Ia 4500
005 20260324143151.0
008 008 260324s9999 xx 000 0 eng d
020 _a9781315003139
037 _aEBOOK
040 _aCRL
040 _beng
040 _cCRL
041 _2eng
041 _aeng
084 _qCRL
100 _aNazli Choucri; Robert C. North; Susumu Yamakage
_91214638
245 0 _aChallenge of Japan Before World War II
260 _bTaylor and Francis
260 _c1992
365 _a
365 _b230
856 _uhttp://www.taylorfrancis.com/books/9781315003139
942 _cEBOOK
999 _c1819710
_d1819710